Loading...
| Science - Physics | 0 | 12 | 1 | 0 | 115 | 56 | 87.25 | 1 | 5 | 24.13 | 57.39 |
| Science - Chemistry | 0 | 11 | 2 | 2 | 100 | 53 | 105.55 | 1 | 5 | 11.89 | 39.96 |
| Fine Arts - Classical Music | 0 | 11 | 2 | 1 | 100 | 98 | 125.45 | 0 | 1 | 7.66 | 33.87 |
| Fine Arts - Painting & Sculpture | 0 | 8 | 1 | 0 | 75 | 67 | 112.25 | 0 | 2 | 8.66 | 33.70 |
| Science - Other | 0 | 7 | 0 | 1 | 70 | 61 | 100.71 | 0 | 2 | 9.92 | 24.62 |
| Science - Biology | 0 | 7 | 1 | 1 | 65 | 88 | 119.14 | 0 | 2 | 2.91 | 22.22 |
| Fine Arts - Other | 0 | 4 | 0 | 0 | 40 | 85 | 123.00 | 1 | 1 | 4.20 | 16.22 |
| Philosophy | 0 | 3 | 0 | 1 | 30 | 105 | 121.33 | 0 | 0 | 2.21 | 11.37 |
| Social Science | 0 | 2 | 0 | 0 | 20 | 87 | 87.50 | 0 | 1 | 3.92 | 8.94 |
| Literature - World | 0 | 2 | 2 | 0 | 10 | 108 | 112.50 | 0 | 1 | 3.25 | 9.31 |
| Literature - British | 0 | 0 | 0 | 0 | 0 | 0.00 | 0 | 0 | 0.00 | 0.00 | |
| Religion | 0 | 0 | 1 | 0 | -5 | 0.00 | 0 | 0 | 0.00 | 0.00 | |
| History - American | 0 | 0 | 1 | 0 | -5 | 0.00 | 0 | 0 | 0.00 | 0.00 |